UM Logo

A writer's workshop : (Record no. 5065)

MARC details
000 -LEADER
fixed length control field 01338cam a2200313 a 4500
001 - CONTROL NUMBER
control field 12569620
005 - DATE AND TIME OF LATEST TRANSACTION
control field 20161007185026.0
008 - FIXED-LENGTH DATA ELEMENTS--GENERAL INFORMATION
fixed length control field 011026s2003 maua 001 0 eng
010 ## - LIBRARY OF CONGRESS CONTROL NUMBER
LC control number 2001055752
020 ## - INTERNATIONAL STANDARD BOOK NUMBER
International Standard Book Number 0-07-239329-7 (student ed. : acidfree paper)
020 ## - INTERNATIONAL STANDARD BOOK NUMBER
International Standard Book Number 0072522674 (annotated instructor's ed. : acidfree paper)
040 ## - CATALOGING SOURCE
Original cataloging agency DLC
Transcribing agency DLC
Modifying agency DLC
050 00 - LIBRARY OF CONGRESS CALL NUMBER
Classification number PE1439
Item number .B69 2003
082 0# - DEWEY DECIMAL CLASSIFICATION NUMBER
Classification number DC 808.042
Edition number 2003
Item number B73w
100 1# - MAIN ENTRY--PERSONAL NAME
Personal name Brannan, Bob.
245 12 - TITLE STATEMENT
Title A writer's workshop :
Remainder of title crafting paragraphs, building essays /
Statement of responsibility, etc. Bob Brannan.
260 ## - PUBLICATION, DISTRIBUTION, ETC. (IMPRINT)
Place of publication, distribution, etc. Boston :
Name of publisher, distributor, etc. McGraw-Hill,
Date of publication, distribution, etc. c2003.
300 ## - PHYSICAL DESCRIPTION
Extent xxx, 649, [34] pages :
Other physical details illustrations ;
Dimensions 28 cm.
500 ## - GENERAL NOTE
General note Includes index.
650 #0 - SUBJECT ADDED ENTRY--TOPICAL TERM
Topical term or geographic name as entry element English language
General subdivision Paragraphs
Form subdivision Problems, exercises, etc.
650 #0 - SUBJECT ADDED ENTRY--TOPICAL TERM
Topical term or geographic name as entry element English language
General subdivision Rhetoric
Form subdivision Problems, exercises, etc.
650 #0 - SUBJECT ADDED ENTRY--TOPICAL TERM
Topical term or geographic name as entry element English language
General subdivision Grammar
Form subdivision Problems, exercises, etc.
650 #0 - SUBJECT ADDED ENTRY--TOPICAL TERM
Topical term or geographic name as entry element Report writing
Form subdivision Problems, exercises, etc.
856 42 - ELECTRONIC LOCATION AND ACCESS
Materials specified Publisher description
Uniform Resource Identifier <a href="http://www.loc.gov/catdir/description/mh021/2001055752.html">http://www.loc.gov/catdir/description/mh021/2001055752.html</a>
856 41 - ELECTRONIC LOCATION AND ACCESS
Materials specified Table of contents
Uniform Resource Identifier <a href="http://www.loc.gov/catdir/toc/mh021/2001055752.html">http://www.loc.gov/catdir/toc/mh021/2001055752.html</a>
906 ## - LOCAL DATA ELEMENT F, LDF (RLIN)
a 7
b cbc
c orignew
d 1
e ocip
f 20
g y-gencatlg
942 ## - ADDED ENTRY ELEMENTS (KOHA)
Source of classification or shelving scheme Dewey Decimal Classification
Koha item type Circulation
Holdings
Withdrawn status Lost status Source of classification or shelving scheme Damaged status Not for loan Collection code Home library Current library Shelving location Date acquired Source of acquisition Total Checkouts Full call number Barcode Date last seen Date last checked out Price effective from Koha item type
    Dewey Decimal Classification     Circulation UM Digos College - LIC UM Digos College - LIC Book Cart 01/23/2007 PLMP 2 DC 808.042 B73w 2003 18925 05/15/2025 12/04/2018 10/07/2016 Circulation